00664 2200229 4500001002100000005001500021035002000036245004000056100001600096250001100112300002500123700002100148260005600169082001100225084001700236020002200253650002200275520007400297008004100371990001100412990001100423INLIS00000000000193120251224111546 a0010-12250000071 aSeni mengelola Emosi /cIn Hyun-Jin0 aIn Hyun-Jin aCet. 2 avi, 322 hlm ;c19 cm0 aCindy Kus Untari aJakarta :bPT Gramedia Widiasarana Indonesia,c2025 a155.25 a155.25 IN s a978-602-053-139-7 4aPengembangan Diri aUntuk Kamu Yang Ingin Punya Kendali Atas Pikiran dan Emosi Dalam Diri251224 0  a004002 a004001